Oliver Twist
Сохранить в:
| Главный автор: | |
|---|---|
| Формат: | |
| Язык: | English |
| Опубликовано: |
London
David Campbell Publishers
1992
|
| Серии: | Everyman's library
|
| Предметы: | |
| Метки: |
Добавить метку
Нет меток, Требуется 1-ая метка записи!
|
| Thư viện lưu trữ: | Trung tâm Học liệu Lê Vũ Hùng, Trường Đại học Đồng Tháp |
|---|
| LEADER | 00747pam a22002418a 4500 | ||
|---|---|---|---|
| 001 | 00025346 | ||
| 005 | 20171026081022.0 | ||
| 008 | 110803s1992 ||||||engsd | ||
| 041 | 0 | # | |a eng |
| 082 | 1 | 4 | |a 823 |b O400L |
| 100 | 1 | # | |a Dickens, Charles |
| 245 | 1 | 0 | |a Oliver Twist |c Charles Dickens |
| 260 | # | # | |a London |b David Campbell Publishers |c 1992 |
| 300 | # | # | |a xlvi,427 p. |c 21 cm. |
| 490 | # | # | |a Everyman's library |
| 504 | # | # | |a Includes bibliographical references (p. xxviii-xxix) |
| 650 | # | 4 | |a Anh |
| 650 | # | 4 | |a Tiểu thuyết |
| 650 | # | 4 | |a Văn học cận đại |
| 852 | # | # | |b Kho đọc |j KD.0008478 |
| 852 | # | # | |j KD.0008478 |
| 910 | |d 03/08/2011 | ||
| 980 | # | # | |a Trung tâm Học liệu Lê Vũ Hùng, Trường Đại học Đồng Tháp |